00766nam a2200169Ia 4500001000700000008004100007082001600048100002600064245013000090260002300220300001100243500021200254503004600466650003900512650001000551700003500561Z_3857220601s9999 xx 000 0 und d a636.213 J48 aJuergenson, Elwood M. aMétodos aprobados en la producción de ganado vacuno para carne / Elwood M. Juergenson; traducción Francisco Contró M. aMéxico : Trillas a366 p. aTraducción de la obra en inglés: Approved practicesin beef cattle production de la 3th ed. en inglésla biblioteca cuenta con las reimpresiones: 4a reimp. de 1975, 5a reimp. de 1979 y 6a reimp. de 1981 aej.1: s/n \ ej.2: Donación \ ej. 3: s/n a1. Ganado de carne - Producción  aCarne aContró M., Francisco, tr.Ì